[Event "Club Championship 2022 Swiss"]
[Site "Wellington Chess Club"]
[Date "2022.11.24"]
[Round "9.9"]
[White "Marney, John"]
[Black "Shepherd, Blake"]
[Result "1-0"]
[WhiteElo "1692"]
[BlackElo "1497"]

1. e4 e6 2. d3 d5 3. Nd2 dxe4 4. dxe4 c5 5. Ngf3 Nc6 6. g3 g6 7. Bg2 Bg7 8. O-O
e5 9. b3 Nf6 10. Bb2 Bg4 11. h3 Bxf3 12. Bxf3 b5 13. Re1 O-O 14. Nf1 Qxd1 15.
Rexd1 Nd4 16. Bg2 Nxc2 17. Rac1 Nb4 18. Rxc5 Rfd8 19. Rxd8+ Rxd8 20. Rxb5 Nxa2
21. Ne3 Nd7 22. Nd5 Bf8 23. Kf1 f6 24. Rb7 Kf7 25. h4 Bc5 26. Bh3 f5 27. exf5
Kf8 28. fxg6 Nf6 1-0

[Event "Club Championship 2022 Swiss"]
[Site "Wellington Chess Club"]
[Date "2022.11.24"]
[Round "9.10"]
[White "Scott, Callum"]
[Black "Nazeer, Afique"]
[Result "0-1"]
[WhiteElo "1652"]
[BlackElo "1500"]

1. e4 e5 2. Nf3 Nc6 3. Bb5 d6 4. O-O Nf6 5. Nc3 Bg4 6. h3 Bh5 7. Qe2 Be7 8. Nd5
O-O 9. Nxf6+ Bxf6 10. g4 Bg6 11. d3 Nd4 12. Nxd4 exd4 13. f4 h6 14. Bc4 c6 15.
Qg2 b5 16. Bb3 Qc7 17. Bd2 c5 18. a4 c4 19. dxc4 bxc4 20. Ba2 Qb6 21. f5 Bh7
22. Bxc4 d3+ 23. Kh1 Bxb2 24. cxd3 Bxa1 25. Rxa1 Qd4 26. Rc1 Kh8 27. Bc3 Qe3
28. Bd2 Qb6 29. Bc3 f6 30. h4 Bg8 31. a5 Qc6 32. Bxg8 Kxg8 33. g5 fxg5 34. hxg5
hxg5 35. Qxg5 Qd7 36. Rg1 Rf7 37. f6 Qh3# 0-1

[Event "Club Championship 2022 Swiss"]
[Site "Wellington Chess Club"]
[Date "2022.11.24"]
[Round "9.11"]
[White "Lavender, Ariel"]
[Black "Carlyle, Mathieson"]
[Result "1-0"]
[WhiteElo "1485"]
[BlackElo "1532"]

1. d4 e6 2. Nf3 Nf6 3. c4 d5 4. g3 dxc4 5. Bg2 Bb4+ 6. Bd2 a5 7. O-O Bxd2 8.
Nbxd2 b5 9. Ne5 Ra6 10. e3 Bd7 11. a4 c6 12. Qc2 Nd5 13. e4 Nb4 14. Qc3 f6 15.
Nxd7 Qxd7 16. b3 O-O 17. bxc4 Rc8 18. Nb3 Qe8 19. Nxa5 Nc2 20. Qxc2 Rxa5 21.
axb5 Rxa1 22. Rxa1 cxb5 23. c5 Nc6 24. d5 exd5 25. exd5 Nd4 26. Qe4 Qxe4 27.
Bxe4 Rxc5 28. d6 f5 29. d7 Ne6 30. Ra6 Nd8 31. Ra8 Rc1+ 32. Kg2 Rd1 33. Rxd8+
Kf7 34. Bxf5 g6 35. Bh3 b4 36. Re8 Rxd7 37. Bxd7 b3 38. Rb8 b2 39. Rxb2 g5 40.
Re2 Kg6 41. Re6+ Kh5 42. f3 g4 43. f4 h6 44. Be8# 1-0

[Event "Club Championship 2022 Swiss"]
[Site "Wellington Chess Club"]
[Date "2022.11.24"]
[Round "9.12"]
[White "McConnell, Jack"]
[Black "Wang, Timothy"]
[Result "1-0"]
[WhiteElo "1410"]
[BlackElo "1500"]

1. d4 Nf6 2. Nc3 d5 3. Bg5 e6 4. e4 Be7 5. e5 Nfd7 6. Bxe7 Qxe7 7. f4 c5 8. Nf3
O-O 9. Bd3 Nc6 10. Bxh7+ Kh8 11. Ng5 f6 12. Bg6 1-0

[Event "Club Championship 2022 Swiss"]
[Site "Wellington Chess Club"]
[Date "2022.11.24"]
[Round "9.13"]
[White "Mangera, Mohammad"]
[Black "Farrington, Lawrence"]
[Result "1/2-1/2"]
[WhiteElo "1510"]
[BlackElo "1600"]

1. e4 e6 2. d4 d5 3. exd5 exd5 4. c3 c5 5. Be3 cxd4 6. cxd4 Nc6 7. Nd2 Nf6 8.
Ngf3 Bd6 9. Bd3 h6 10. Rc1 O-O 11. O-O Bd7 12. Qb3 Rb8 13. Ne5 Qe7 14. Nxd7
Qxd7 15. Nf3 Rfe8 16. Rfe1 Ng4 17. Bd2 Rxe1+ 18. Rxe1 Nf6 19. Ne5 Qd8 20. Nxc6
bxc6 21. Qc2 Qb6 22. Bc3 c5 23. dxc5 Bxc5 24. Bxf6 gxf6 25. b3 a5 26. Rc1 Rc8
27. Rd1 Rd8 28. Bf5 Rd6 29. Re1 1/2-1/2

[Event "Club Championship 2022 Swiss"]
[Site "Wellington Chess Club"]
[Date "2022.11.24"]
[Round "9.14"]
[White "Saglam, Azra"]
[Black "Qu, Lucas"]
[Result "1/2-1/2"]
[WhiteElo "1500"]
[BlackElo "1271"]

1. Nf3 Nc6 2. c4 e5 3. Nc3 Nf6 4. e4 Bc5 5. h3 h6 6. d3 d6 7. Nd5 Nxd5 8. cxd5
Ne7 9. Be2 b6 10. a3 a5 11. O-O O-O 12. d4 Bxd4 13. Nxd4 exd4 14. Qxd4 f5 15.
f3 Ba6 16. Bxa6 Rxa6 17. Qd3 Ra8 18. Be3 Qd7 19. Bf2 Ng6 20. Rac1 Ne5 21. Qd2
b5 22. Rc3 fxe4 23. fxe4 Rae8 24. b3 Re7 25. Re1 Ref7 26. Bg3 Rf6 1/2-1/2

[Event "Club Championship 2022 Swiss"]
[Site "Wellington Chess Club"]
[Date "2022.11.24"]
[Round "9.15"]
[White "Thirkell, Zachary"]
[Black "Hupert, Leo"]
[Result "1/2-1/2"]
[WhiteElo "1500"]
[BlackElo "1385"]

1. e4 e5 2. Nf3 Nc6 3. Bb5 Nf6 4. O-O d6 5. Re1 Bd7 6. c3 Be7 7. d4 h6 8. Nbd2
a6 9. Bxc6 Bxc6 10. dxe5 dxe5 11. Nxe5 Bxe4 12. Nxe4 Qxd1 13. Nxf6+ gxf6 14.
Rxd1 fxe5 15. f4 e4 16. f5 Bc5+ 17. Kh1 e3 18. Re1 Ke7 19. Bxe3 Bxe3 20. Rxe3+
Kf6 21. Rf1 Rae8 22. Rfe1 Rxe3 23. Rxe3 Rd8 24. h3 Rd2 25. b4 Rxa2 26. Kh2 Ra3
27. g4 b5 28. Kg3 a5 29. bxa5 b4 30. Kf4 b3 31. c4 b2 32. Rxa3 b1=Q 33. Re3
Qf1+ 34. Kg3 Qxc4 35. Ra3 Qb4 36. Rd3 Qxa5 37. Kh4 Qe1+ 38. Kh5 Qc1 39. h4 Qf4
40. Rc3 Kg7 41. Rc6 f6 42. Re6 Kf7 43. Rc6 Qe5 44. Kxh6 Qe7 45. Kh5 Kg7 46.
Rxf6 Qxf6 47. g5 Qxf5 1/2-1/2

[Event "Club Championship 2022 Swiss"]
[Site "Wellington Chess Club"]
[Date "2022.11.24"]
[Round "9.16"]
[White "Hooper, John"]
[Black "Darr, Samuel"]
[Result "0-1"]
[WhiteElo "1247"]
[BlackElo "1546"]

1. e4 e6 2. d4 d5 3. e5 c5 4. c3 Nc6 5. Nf3 Qb6 6. a3 cxd4 7. cxd4 Nge7 8. b4
Nf5 9. Bb2 Be7 10. Bd3 O-O 11. O-O Bd7 12. b5 Nd8 13. a4 Bb4 14. Ba3 Bxa3 15.
Rxa3 Qa5 16. Nbd2 a6 17. Nb3 Qb4 18. Ra1 axb5 19. a5 Nc6 20. Nc5 Bc8 21. Rb1
Qc3 22. Bxf5 exf5 23. Rxb5 Rxa5 24. Na4 Qa3 25. Rxa5 Nxa5 26. Nb6 Be6 27. Ng5
Nc6 28. Qh5 h6 29. Nxe6 fxe6 30. Qg6 Nxd4 31. Nd7 Ne2+ 32. Kh1 Nf4 33. Qg3 Qxg3
34. fxg3 Rf7 35. Nc5 Ng6 36. Re1 Re7 37. Nd3 b5 38. Ra1 Rb7 39. Ra8+ Kf7 40.
Nc5 Rc7 41. Nd3 Rc3 42. Kg1 Rxd3 43. Ra7+ Ne7 44. Rb7 Rb3 45. Kf2 g5 46. Ke2
Rb4 47. Kf3 Ke8 48. Rb6 g4+ 49. Ke3 Re4+ 50. Kd3 Rxe5 51. Rxb5 Kd8 52. Rb8+ Kc7
53. Rh8 Nc6 54. Rxh6 Nb4+ 55. Kd4 Re4+ 56. Kc5 Rc4+ 57. Kb5 Kd6 58. Rh8 Ke5 59.
Rd8 Nd3 60. h4 gxh3 61. gxh3 Nf2 62. h4 Nh1 63. Rg8 Rg4 64. Rh8 Nxg3 65. h5 Rh4
66. h6 Ne4 67. Kb4 Ng5+ 68. Kc3 Nf7 69. Rg8 Rxh6 70. Rg3 Nd6 71. Kd3 Ne4 72.
Re3 Rh3 73. Rxh3 Nf2+ 74. Ke3 Nxh3 75. Ke2 f4 76. Kf3 d4 77. Ke2 Ke4 78. Kd2 f3
0-1

[Event "Club Championship 2022 Swiss"]
[Site "Wellington Chess Club"]
[Date "2022.11.24"]
[Round "9.17"]
[White "Wang, Justin"]
[Black "Mavaram, Eashan"]
[Result "0-1"]
[WhiteElo "1500"]
[BlackElo "1349"]

1. d4 Nf6 2. Bg5 e6 3. e4 Be7 4. e5 Nd5 5. Bxe7 Qxe7 6. Nf3 Qb4+ 7. c3 Qxb2 8.
Nbd2 Nxc3 9. Qc1 Qxc1+ 10. Rxc1 Nd5 11. Bc4 Nb6 12. O-O O-O 13. Bb3 Nc6 14. Nc4
Nxc4 15. Bxc4 a6 16. d5 exd5 17. Bxd5 h6 18. Rfd1 Re8 19. Nd4 Nxd4 20. Rxd4
Rxe5 21. Rxc7 Re1# 0-1

[Event "Club Championship 2022 Swiss"]
[Site "Wellington Chess Club"]
[Date "2022.11.24"]
[Round "9.18"]
[White "He, Jacob"]
[Black "Asher, Bruce"]
[Result "0-1"]
[WhiteElo "1500"]
[BlackElo "1056"]

1. e4 d5 2. exd5 Qxd5 3. Nc3 Qa5 4. d4 Nf6 5. b4 Qxb4 6. Qd2 Nc6 7. a3 Qa5 8.
Bb5 Bd7 9. Bxc6 Bxc6 10. f3 e6 11. Nge2 Bd6 12. O-O O-O-O 13. f4 Qb6 14. Rb1
Qa6 15. Ng3 Bc5 16. Nge2 h5 17. f5 Rh6 18. fxe6 fxe6 19. Rxf6 Rxf6 20. Qg5 Rdf8
21. Qxc5 Rf1# 0-1

[Event "Club Championship 2022 Swiss"]
[Site "Wellington Chess Club"]
[Date "2022.11.24"]
[Round "9.19"]
[White "Fairbrother, Rebecca"]
[Black "He, Zachary"]
[Result "1-0"]
[WhiteElo "1500"]
[BlackElo "1500"]

1. e4 e6 2. Nc3 Nc6 3. Bc4 Bb4 4. a3 Bxc3 5. dxc3 Nge7 6. Nf3 O-O 7. O-O Ng6 8.
Bg5 f6 9. Bh4 Nxh4 10. Nxh4 a6 11. g3 b5 12. Ba2 Bb7 13. f4 Ne7 14. f5 Bxe4 15.
g4 d5 16. Qd4 Nc6 17. Qc5 exf5 18. gxf5 Ne7 19. a4 bxa4 20. c4 Qd6 21. Qa5 Qb6+
22. Qxb6 cxb6 23. Rae1 Rfe8 24. Rf4 Bxc2 25. Rd4 dxc4 26. Rxc4 b5 27. Rxc2+ Kh8
28. Rc3 b4 29. Rh3 h6 30. Rxe7 Rec8 31. Ng6+ Kh7 32. Bd5 Rc5 33. Bxa8 Rxf5 34.
Be4 Rg5+ 35. Rg3 Rc5 36. Nf8+ Kh8 37. Rgxg7 1-0

[Event "Club Championship 2022 A grade"]
[Site "Wellington Chess Club"]
[Date "2022.12.01"]
[Round "2.2"]
[White "Cilia Vincenti, David"]
[Black "Ker, Anthony"]
[Result "0-1"]
[WhiteElo "2125"]
[BlackElo "2428"]

1. c4 c5 2. Nc3 g6 3. g3 Bg7 4. Bg2 Nc6 5. e4 e6 6. Nge2 Nge7 7. d3 O-O 8. O-O
Rb8 9. Rb1 a6 10. Be3 d6 11. d4 cxd4 12. Nxd4 b6 13. Qd2 Qd7 14. Rfd1 Rd8 15.
f4 Bb7 16. Qf2 Nxd4 17. Bxd4 Bxd4 18. Rxd4 Qc7 19. Rbd1 Rd7 20. Qe3 Rbd8 21. b3
Qc5 22. Na4 Qc7 23. R4d3 Nc8 24. c5 dxc5 25. Rxd7 Rxd7 26. Rxd7 Qxd7 27. h4 Bc6
28. Nc3 Nd6 29. h5 Nb5 30. Nxb5 Bxb5 31. h6 Qd1+ 32. Kf2 f6 33. a4 Bc6 34. Qc3
Kf7 35. a5 Qd8 36. b4 bxa5 37. Qxc5 Qd2+ 38. Kg1 Bb5 39. Qc7+ Qd7 40. Qxa5 g5
41. fxg5 fxg5 42. Qa1 Kg6 43. Qe5 Qf7 44. Bh3 Bc4 45. Qd4 Qc7 46. Kg2 e5 47.
Qc5 Qxc5 48. bxc5 Bb5 49. Be6 a5 50. Bd5 a4 51. Kf2 Kxh6 52. Ke3 Kg7 53. c6 Kf6
54. c7 Ba6 55. Kd2 Ke7 56. Kc3 Kd7 57. Kb4 Kxc7 58. Kxa4 h5 59. Kb4 h4 60. gxh4
gxh4 61. Be6 Bc8 0-1

[Event "Club Championship 2022 A grade"]
[Site "Wellington Chess Club"]
[Date "2022.12.01"]
[Round "2.5"]
[White "Pomeroy, Arthur"]
[Black "Croad, Nic"]
[Result "1/2-1/2"]
[WhiteElo "2022"]
[BlackElo "2439"]

1. e4 e5 2. Nf3 Nc6 3. Bb5 a6 4. Ba4 Nf6 5. O-O Be7 6. Re1 b5 7. Bb3 O-O 8. h3
Bb7 9. d3 d6 10. a3 Na5 11. Ba2 c5 12. Nbd2 Qc7 13. Nf1 Bc8 14. Ne3 Nc6 15. c3
Rb8 16. b4 cxb4 17. cxb4 Bd8 18. Bb2 Qa7 19. d4 Bc7 20. Rc1 Bd7 21. Nd5 Nxd5
22. Bxd5 Nxd4 23. Nxd4 exd4 24. Bxd4 1/2-1/2

[Event "Club Championship 2022 A grade"]
[Site "Wellington Chess Club"]
[Date "2022.12.01"]
[Round "3.2"]
[White "Van der Hoorn, Thomas"]
[Black "Forster, Bill"]
[Result "1-0"]
[WhiteElo "2056"]
[BlackElo "2035"]

1. e4 d6 2. d4 Nf6 3. Nc3 c6 4. Be3 Qa5 5. Qd2 e5 6. Nge2 b5 7. f3 Be7 8. g4
O-O 9. Ng3 Rd8 10. Nf5 Bf8 11. Bg5 Nbd7 12. h4 d5 13. exd5 exd4 14. Ne2 Qxd2+
15. Kxd2 c5 16. Nf4 h6 17. Bxf6 Nxf6 18. Bxb5 Bb7 19. Bc6 Bxc6 20. dxc6 Rac8
21. Rae1 Rc7 22. Re5 g6 23. g5 hxg5 24. hxg5 Nh7 25. Nh6+ Kg7 26. Nxf7 1-0

[Event "Club Championship 2022 A grade"]
[Site "Wellington Chess Club"]
[Date "2022.12.01"]
[Round "5.1"]
[White "Winter, Ryan"]
[Black "Tanoi, T Edward"]
[Result "1-0"]
[WhiteElo "2195"]
[BlackElo "1984"]

1. e4 c5 2. Nf3 Nc6 3. d4 cxd4 4. Nxd4 e5 5. Nb5 d6 6. c4 g6 7. N1c3 a6 8. Na3
Bg7 9. Nd5 Be6 10. Be3 Nd4 11. Nc2 Bxd5 12. cxd5 Qf6 13. Bd3 Ne7 14. Nxd4 exd4
15. Qa4+ Kf8 16. Bd2 Qe5 17. O-O h5 18. Qd7 Kg8 19. f4 Qf6 20. e5 dxe5 21. fxe5
Qxe5 22. Rae1 Qxd5 23. Rxe7 Qxd7 24. Rxd7 f5 25. Re1 Kh7 26. Ree7 Rhg8 27. Bc4
1-0

[Event "Club Championship 2022 B grade"]
[Site "Wellington Chess Club"]
[Date "2022.12.01"]
[Round "10.1"]
[White "Perrin, Brent"]
[Black "Jackson, Ross"]
[Result "1/2-1/2"]
[WhiteElo "1963"]
[BlackElo "1904"]

1. e4 c5 2. Nf3 d6 3. c3 Nf6 4. Be2 Nc6 5. d4 e6 6. Qc2 Be7 7. O-O O-O 8. dxc5
dxc5 9. Bf4 Nd7 10. Nbd2 e5 11. Bg3 Qc7 12. Rfd1 Nb6 13. Nf1 Be6 14. Ne3 f6 15.
Nh4 Rfd8 16. Nhf5 Bf8 17. Bg4 Qf7 18. b3 g6 19. Nh4 Bxg4 20. Nxg4 a5 21. Nf3
Qe6 22. Ne3 Ne7 23. Qe2 Qc6 24. Nd2 a4 25. h4 axb3 26. axb3 Rxa1 27. Rxa1 Ra8
{draw offered} 28. Rxa8 Nxa8 29. Qd3 Nc7 30. c4 Ne6 31. Nd5 Nd4 32. f4 exf4 33.
Bxf4 Qe6 34. Nf3 Nec6 35. Be3 Nxf3+ 36. gxf3 Ne5 37. Qf1 f5 38. Kg2 fxe4 39.
fxe4 Qg4+ 40. Kf2 Qxh4+ {Draw agreed (Black is winning on the board)} 1/2-1/2

[Event "Club Championship 2022 Swiss"]
[Site "Wellington Chess Club"]
[Date "2022.12.01"]
[Round "10.1"]
[White "Loke, Kayden"]
[Black "Enegbuma, Wallace"]
[Result "0-1"]
[WhiteElo "1974"]
[BlackElo "1841"]

1. e4 e5 2. Nf3 Nc6 3. Bc4 h6 4. c3 Nf6 5. O-O Be7 6. d4 exd4 7. e5 Ne4 8. Bd5
Ng5 9. cxd4 O-O 10. Nc3 Nxf3+ 11. Qxf3 Bg5 12. Qe4 Bxc1 13. Raxc1 Kh8 14. Ne2
Rb8 15. Rc3 Ne7 16. Bb3 d5 17. Qh4 c6 18. Nf4 Nf5 19. Qxd8 Rxd8 20. Rd1 Re8 21.
Ba4 Be6 22. Nxe6 fxe6 23. g4 Nh4 24. Rh3 g5 25. f4 Rf8 26. Rf1 Rf7 27. Bc2 Rbf8
28. f5 exf5 29. gxf5 Kg8 30. f6 Re8 31. b4 Rc7 32. Rxh4 gxh4 33. Bg6 Re6 34.
Bf5 Re8 35. e6 Kf8 36. e7+ Kf7 37. Bd3 Rg8+ 38. Kh1 Rg5 39. Be2 Rc8 40. Bf3 Rf5
41. Kg2 Rg8+ 42. Kh3 Rgg5 43. b5 Ke8 44. a4 Rxf6 45. Be2 Rxf1 46. Bxf1 Kxe7 47.
a5 Rf5 48. Be2 Rf4 49. a6 bxa6 50. bxc6 Kd6 51. Bxa6 Kxc6 52. Bc8 Rxd4 53. Bg4
a5 54. Bh5 a4 55. Be8+ Kd6 56. Bg6 a3 57. Bb1 Ke5 58. Ba2 Rd2 59. Bb3 a2 60.
Bxa2 Rxa2 61. Kxh4 Rxh2+ 62. Kg3 Re2 63. Kh4 d4 64. Kh5 d3 65. Kg6 d2 66. Kh7
d1=Q 67. Kg7 Kf5 68. Kh7 Re6 69. Kg8 Re7 70. Kf8 Kf6 71. Kg8 Qd8# 0-1

[Event "Club Championship 2022 Swiss"]
[Site "Wellington Chess Club"]
[Date "2022.12.01"]
[Round "10.2"]
[White "Katkodia, Ali"]
[Black "Sole, Michael"]
[Result "0-1"]
[WhiteElo "1500"]
[BlackElo "2149"]

1. e4 e5 2. Nf3 Nc6 3. Bc4 Bc5 4. O-O Nf6 5. d3 d6 6. Be3 Bb6 7. Nbd2 h6 8. c3
O-O 9. Re1 Re8 10. Nf1 Ne7 11. Ng3 Ng6 12. h3 c6 13. Qc2 Bxe3 14. Rxe3 Nf4 15.
Kh2 g5 16. Nf5 Bxf5 17. exf5 Qd7 18. g4 Qc7 19. Rae1 d5 20. Bb3 e4 21. dxe4
dxe4 22. Nd2 Nd3+ 23. Kg1 Nxe1 24. Rxe1 e3 25. Nf1 exf2+ 26. Qxf2 Rxe1 27. Qxe1
Re8 28. Qf2 c5 29. Ne3 b5 30. c4 a6 31. a4 Qe5 32. Nf1 b4 33. Bd1 Ne4 34. Qe2
Qd4+ 35. Kg2 Nd6 36. Qc2 Nxc4 37. Be2 Qxb2 38. Qxc4 Qxe2+ 39. Qxe2 Rxe2+ 40.
Kf3 Ra2 41. Ne3 Ra3 42. Ke2 b3 43. Nc4 Rxa4 0-1

[Event "Club Championship 2022 Swiss"]
[Site "Wellington Chess Club"]
[Date "2022.12.01"]
[Round "10.3"]
[White "Webster, Jamie"]
[Black "Hall, Nathan"]
[Result "1/2-1/2"]
[WhiteElo "1702"]
[BlackElo "1950"]

1. e4 e6 2. d4 d5 3. Nc3 Nf6 4. e5 Nfd7 5. f4 c5 6. Nf3 Nc6 7. Be3 a6 8. Qd2 b5
9. dxc5 Bxc5 10. Bxc5 Nxc5 11. Nd4 Bb7 12. Nxc6 Bxc6 13. Qd4 Qe7 14. Rd1 b4 15.
Ne2 Bb5 16. Ng3 Bxf1 17. Rxf1 O-O 18. f5 f6 19. fxe6 Rad8 20. Nf5 Qxe6 21. Qxc5
Qxe5+ 22. Qe3 Qxb2 23. Qg3 Rde8+ 24. Kd2 g6 25. Nh6+ Kg7 26. Nf5+ Kg8 27. Rde1
Rxe1 28. Rxe1 Qc3+ 29. Kd1 Qa1+ 30. Kd2 Qc3+ 1/2-1/2

[Event "Club Championship 2022 Swiss"]
[Site "Wellington Chess Club"]
[Date "2022.12.01"]
[Round "10.4"]
[White "Ashe, Michael"]
[Black "Ulm, Joy"]
[Result "1-0"]
[WhiteElo "1680"]
[BlackElo "1500"]

1. d4 Nf6 2. c4 e6 3. Nc3 Bb4 4. f3 d5 5. a3 Bxc3+ 6. bxc3 c5 7. cxd5 exd5 8.
e3 O-O 9. Bd3 Re8 10. Ne2 c4 11. Bc2 Nc6 12. O-O b5 13. Qd2 a5 14. Ng3 Rb8 15.
Rb1 Qd6 16. e4 dxe4 17. fxe4 Rd8 18. Qg5 h6 19. Qh4 Qc7 20. Bxh6 gxh6 21. Qxf6
Rd6 22. Qh4 Qe7 23. Qf4 1-0

[Event "Club Championship 2022 Swiss"]
[Site "Wellington Chess Club"]
[Date "2022.12.01"]
[Round "10.6"]
[White "Lyall, Gordon"]
[Black "Lavender, Ariel"]
[Result "1-0"]
[WhiteElo "1940"]
[BlackElo "1485"]

1. Nf3 c5 2. c4 Nc6 3. Nc3 g6 4. g3 Bg7 5. Bg2 Nf6 6. O-O O-O 7. Rb1 d6 8. a3
a5 9. b3 e5 10. d3 Bd7 11. Bg5 Qb8 12. Bxf6 Bxf6 13. Nd5 Bd8 14. Qd2 Ne7 15.
Nf6+ Kg7 16. Nxd7 Qc7 17. Nxf8 1-0

[Event "Club Championship 2022 Swiss"]
[Site "Wellington Chess Club"]
[Date "2022.12.01"]
[Round "10.7"]
[White "Nazeer, Afique"]
[Black "Henrys, Francis"]
[Result "1-0"]
[WhiteElo "1500"]
[BlackElo "1500"]

1. d4 c5 2. e3 e6 3. Nf3 Nf6 4. Nc3 d5 5. Bb5+ Nbd7 6. Ne5 a6 7. Nxd7 Nxd7 8.
Bxd7+ Bxd7 9. a4 Bd6 10. e4 Bc6 11. e5 cxd4 12. Qxd4 Bc7 13. Be3 O-O 14. O-O f6
15. f4 f5 16. Rf3 Rb8 17. b4 b5 18. a5 Qe7 19. Ne2 Rfd8 20. c3 Rb7 21. Rh3 Bb8
22. Rd1 Qe8 23. Kh1 Qg6 24. Rg3 Qh5 25. Ng1 Qh6 26. Rf1 g6 27. Nh3 Qf8 28. Ng5
Qe8 29. Rh3 Rdd7 30. Rff3 Ba7 31. Qd1 d4 32. cxd4 Bxf3 33. Qxf3 Rbc7 34. Rh6
Bxd4 35. Bd2 Bc3 36. Be3 Bxb4 37. h3 Bd2 38. Bxd2 Rxd2 39. Qb3 Rd5 40. Qg3 b4
41. Qh4 Rd1+ 42. Kh2 Qc6 43. Nxh7 Rg7 44. Ng5 Kf8 45. Rh8+ Ke7 46. Ne4+ Kf7 47.
Qf6# 1-0

[Event "Club Championship 2022 Swiss"]
[Site "Wellington Chess Club"]
[Date "2022.12.01"]
[Round "10.8"]
[White "Brockway, Andrew"]
[Black "McConnell, Jack"]
[Result "0-1"]
[WhiteElo "1684"]
[BlackElo "1410"]

1. e4 c5 2. Nc3 e6 3. f4 d5 4. Nf3 dxe4 5. Bb5+ Bd7 6. Bxd7+ Qxd7 7. Nxe4 Nc6
8. b3 Nf6 9. Nxf6+ gxf6 10. Bb2 Rg8 11. g3 Be7 12. a3 O-O-O 13. Qe2 Rg6 14.
O-O-O e5 15. fxe5 fxe5 16. Rhe1 f6 17. Qe4 f5 18. Qe2 e4 19. Ne5 Nxe5 20. Bxe5
Bd6 21. Bb2 Bc7 22. Qc4 Rd6 23. Bc3 Rd5 24. Qe2 Be5 25. Bxe5 Rxe5 26. Qe3 Rd5
27. Qc3 Kb8 28. Re2 Qb5 29. Qe3 Qa5 30. Kb2 Qc7 31. Qc3 Qf7 32. Re3 Qh5 33. Kc1
Qxh2 34. d3 Qf2 35. Rde1 exd3 36. Rxd3 Rxd3 37. Qe5+ R3d6 38. Rd1 Kc7 39. Qe7+
R8d7 40. Qe5 b6 41. a4 Kc6 42. Rxd6+ Rxd6 43. Qe8+ Kc7 44. Qe7+ Rd7 45. Qe5+
Kb7 46. Qe6 Qd2+ 47. Kb2 Qd4+ 48. Kb1 Qd5 49. Qe3 Qd1+ 0-1

[Event "Club Championship 2022 Swiss"]
[Site "Wellington Chess Club"]
[Date "2022.12.01"]
[Round "10.9"]
[White "Qu, Lucas"]
[Black "Scott, Callum"]
[Result "0-1"]
[WhiteElo "1271"]
[BlackElo "1652"]

1. e4 c5 2. Nf3 Nc6 3. d4 cxd4 4. Nxd4 e6 5. Nxc6 bxc6 6. c3 d5 7. exd5 cxd5 8.
Bb5+ Bd7 9. Bxd7+ Qxd7 10. O-O Nf6 11. Be3 Bd6 12. Nd2 O-O 13. f3 Rab8 14. Nb3
Qc7 15. g3 a5 16. Qc2 Rb7 17. Nd4 Rc8 18. Rac1 Nd7 19. Rfe1 Ne5 20. Kg2 Nc4 21.
b3 Nxe3+ 22. Rxe3 Bc5 23. Re2 g6 24. f4 Ba3 25. Rb1 Qxc3 26. Qxc3 Rxc3 27. Rf2
Bc5 28. Rd2 Bxd4 29. Rxd4 Rc2+ 30. Kh3 Rxa2 31. g4 Rc7 32. Rd3 Rcc2 33. Rh1 Kf8
34. Re3 Ke7 35. f5 Kd6 36. fxe6 fxe6 37. Kg3 Rg2+ 38. Kh3 d4 39. Rd3 Kd5 0-1

[Event "Club Championship 2022 Swiss"]
[Site "Wellington Chess Club"]
[Date "2022.12.01"]
[Round "10.10"]
[White "Farrington, Lawrence"]
[Black "Shepherd, Blake"]
[Result "0-1"]
[WhiteElo "1600"]
[BlackElo "1497"]

1. e4 e6 2. d4 d5 3. Nc3 Nf6 4. e5 Nfd7 5. f4 c5 6. Nf3 Nc6 7. Be3 a6 8. a4 Be7
9. Bd3 Qb6 10. a5 Nxa5 11. Na4 Qc7 12. Nxc5 Nxc5 13. dxc5 Bxc5 14. Nd4 Nc6 15.
c3 Nxd4 16. Bxd4 O-O 17. Bc2 Qb6 18. Rb1 Bxd4 19. Qxd4 Qxd4 20. cxd4 Bd7 21.
Kd2 Rfc8 22. Rhc1 Rc4 23. Ke3 Rac8 24. Kd3 Bb5 0-1

[Event "Club Championship 2022 Swiss"]
[Site "Wellington Chess Club"]
[Date "2022.12.01"]
[Round "10.12"]
[White "Carlyle, Mathieson"]
[Black "Mavaram, Eashan"]
[Result "1-0"]
[WhiteElo "1532"]
[BlackElo "1349"]

1. e4 c5 2. Nc3 Nc6 3. Bb5 g6 4. Nf3 Bg7 5. Bxc6 dxc6 6. O-O Nf6 7. d3 O-O 8.
Be3 b6 9. h3 Ba6 10. Qd2 c4 11. d4 Rc8 12. Bh6 Kh8 13. Bxg7+ Kxg7 14. e5 Nd5
15. Rfe1 Nxc3 16. Qxc3 Qd5 17. Rad1 Qd7 18. Nh4 Rfd8 19. f4 c5 20. d5 Kg8 21.
e6 fxe6 22. dxe6 Qxd1 23. Rxd1 Rxd1+ 24. Kh2 Rf8 25. Qg3 Kg7 26. f5 Rf1 27.
fxg6 h6 28. Qe5+ R1f6 29. Nf5+ Kxg6 30. Nxe7+ Kg7 31. Nf5+ Kg6 32. e7 Re8 33.
Nh4+ Kf7 34. Nf5 Bc8 35. Nd6+ Rxd6 36. Qxd6 Rxe7 37. Qxh6 Bb7 38. a3 Kg8 39.
Qd6 Rg7 40. g4 1-0

[Event "Club Championship 2022 Swiss"]
[Site "Wellington Chess Club"]
[Date "2022.12.01"]
[Round "10.13"]
[White "Darr, Samuel"]
[Black "Thirkell, Zachary"]
[Result "0-1"]
[WhiteElo "1546"]
[BlackElo "1500"]

1. e4 c6 2. d4 d5 3. Nc3 dxe4 4. Nxe4 Bf5 5. Nc3 e6 6. Nf3 Bd6 7. Bc4 Nf6 8.
O-O O-O 9. Bg5 Nbd7 10. Re1 Qc7 11. h3 h6 12. Bd2 Rfe8 13. Bb3 Nb6 14. Re2 a6
15. Qe1 Nbd5 16. Nxd5 cxd5 17. Rc1 b5 18. Ba5 Qb7 19. a3 Rac8 20. Ba2 Bf4 21.
Bd2 Bxd2 22. Qxd2 Ne4 23. Qa5 Rb8 24. c3 Nd6 25. b3 Qb6 26. Qxb6 Rxb6 27. Ne5
Rd8 28. c4 bxc4 29. bxc4 dxc4 30. Nxc4 Nxc4 31. Rxc4 Bd3 32. Rec2 Bxc2 33. Rxc2
Rxd4 34. Kf1 Ra4 35. Rc3 Rb2 36. Bc4 Rb1+ 37. Ke2 Ra1 38. Bd3 g6 39. Ke3 R1xa3
40. Rc6 Ra5 41. Ke4 f5+ 42. Ke3 Rd5 43. Rxe6 Raxd3+ 0-1

[Event "Club Championship 2022 Swiss"]
[Site "Wellington Chess Club"]
[Date "2022.12.01"]
[Round "10.14"]
[White "Hupert, Leo"]
[Black "Mangera, Mohammad"]
[Result "1-0"]
[WhiteElo "1385"]
[BlackElo "1510"]

1. e4 e5 2. Nf3 Nc6 3. Bb5 a6 4. Bxc6 dxc6 5. d3 Bg4 6. h3 Bh5 7. g4 Bg6 8.
Nxe5 Qf6 9. Nf3 O-O-O 10. e5 Qe6 11. Qe2 f6 12. d4 Re8 13. Bf4 fxe5 14. dxe5
Qd5 15. Nc3 Bb4 16. Rd1 Bxc3+ 17. bxc3 Qe4 18. Qxe4 Bxe4 19. Ke2 Bxc2 20. Rd2
Be4 21. Rhd1 Bd5 22. Ng5 Nf6 23. Ke3 h6 24. Nf3 Ne4 25. Rc2 g5 26. Bh2 Nc5 27.
Nd2 Nd7 28. Kd4 Rhf8 29. Ne4 Rf3 30. Rd3 Rxd3+ 31. Kxd3 Nxe5+ 32. Bxe5 Rxe5 33.
Re2 b5 34. Kd4 Re6 35. f3 Kd7 36. Nc5+ Ke7 37. Nxe6 Bxe6 38. Kc5 Kd7 39. Rxe6
Kxe6 40. Kxc6 Ke5 41. Kxc7 Kf4 42. Kb6 Kxf3 43. Kxa6 Kg3 44. Kxb5 Kxh3 45. c4
Kxg4 46. c5 h5 47. c6 h4 48. c7 h3 49. c8=Q+ Kg3 50. Qc7+ Kg2 51. Qc6+ Kg1 52.
Qc1+ Kg2 53. Qxg5+ Kh1 54. Qc1+ Kg2 55. Qd2+ Kh1 56. Qe1+ Kg2 57. a4 h2 58. a5
Kh3 59. Qf1+ Kg3 60. Qh1 Kh3 61. a6 Kg3 62. a7 Kh3 63. Qf3+ Kh4 64. a8=Q Kg5
65. Qg8+ Kh4 66. Qfg4# 1-0

[Event "Club Championship 2022 Swiss"]
[Site "Wellington Chess Club"]
[Date "2022.12.01"]
[Round "10.16"]
[White "Fairbrother, Rebecca"]
[Black "He, Jacob"]
[Result "0-1"]
[WhiteElo "1500"]
[BlackElo "1500"]

1. e4 e5 2. f3 Nc6 3. Ne2 d5 4. Nbc3 dxe4 5. g4 exf3 6. Ng3 Bxg4 7. Bb5 f2+ 8.
Kxf2 Bxd1 9. Rxd1 Bc5+ 10. Kg2 Ne7 11. d3 O-O 12. Bg5 f6 13. Bh4 Nd5 14. Bc4
Ne7 15. Nce4 Bd4 16. Bg5 fxg5 17. Nxg5 Rf2+ 18. Kh3 Qd7+ 19. Kh4 Rxh2+ 20. Nh3
Rxh3+ 21. Kg5 Rxg3+ 22. Kh4 Qh3# 0-1